01677njm a2200337Ia 450000100060000000300090000600500170001500800410003204000130007304000130008610000180009910000180011710000370013524500210017225000110019326000120020426000390021630000100025530000290026550000360029450503210033065000530065170000610070470001060076570000640087170000950093570000780103070000630110870000830117170000850125424249IT-RoPAU20220918181134.0131025s9999 xx 000 0 und d aIT-RoPAU cIT-RoPAU aOldfield Mike eAutore musica gCodice autore musica SPICS: 8107 aMusic Wonderland a1a ed. aGERMANY bVIRGIN RECORDSc1981 [1a Ed.:1981] aDISCO c51 minuti (Testo: pag.) aMusica strumentale. Musica pop. aPortsmouth (2:00) - Sheba (4:00) - Blue Peter (3:00) - Extract From Tubular Bells (9:00) - Sailor's Hornpipe (2:00) - Punkadiddle (5:00) - Extract From Ommadawn (8:00) - On Horseback (4:00) - Guilty [(live) (4:00)] - North Star/Platinum finale (5:00) - Arrival (3:00) - Wonderful Land (4:00) - In dulci jubilo (3:00) aSTRUMENTALE [DISCHI]eCodice MATERIA SPICS: 9950 aOldfield MikedCodice interprete SPICS: 8107eInterprete aAnonimodCodice autore musica SPICS: 2620eAutore musicapPortsmouth - Blue Peter - Sailor's Hornpipe aMurray A.dCodice autore SPICS: 18577eAutorepOn Horseback aGlass PhilipdCodice autore musica SPICS: 11482eAutore musicapNorth Star/Platinum finale aAnderson BennydCodice autore musica SPICS: 18865eAutore musicapArrival aUlvaeus BjorndCodice autore SPICS: 27362eAutorepArrival aLordan JerrydCodice autore musica SPICS: 27380eAutore musicapWonderful Land aPearsall R.L.dCodice autore musica SPICS: 27382eAutore musicapIn dulci jubilo